000 00406nam a2200157Ia 4500
005 20241001135102.0
008 240806s9999||||xx |||||||||||||| ||eng||
041 _aeng
082 _a891.4309
_bSINS
100 _aSingh, Saroj
245 0 _aSahitya me stri swatva ki abhivyakti aur samkaleen nari chintan /
_cSingh, Saroj
260 _bSahitya Bhandar
300 _a180p.
650 _aHindi
942 _cBK
999 _c1642
_d1642